| 000 | 00347nam a22001457a 4500 | ||
|---|---|---|---|
| 003 | OSt | ||
| 005 | 20240127145956.0 | ||
| 008 | 240127b |||||||| |||| 00| 0 eng d | ||
| 040 | _cIIMT UNIVERSITY | ||
| 100 | _aKRISHANKRIPAMURTI | ||
| 245 | _aKRISHAN KI OR | ||
| 260 |
_aMUMBAI _bBHAKTIVEDANTA BOOK TRUST _c1984 |
||
| 300 | _a74 | ||
| 942 |
_2ddc _c09 |
||
| 999 |
_c58036 _d58036 |
||